Manual of surgery /
Spremljeno u:
| Glavni autor: | |
|---|---|
| Format: | Knjiga |
| Jezik: | English |
| Izdano: |
New Delhi :
Jaypee Brothers Medical Publishers (P) Ltd.,
c2013.
|
| Teme: | |
| Online pristup: | Visit NHRC Library |
| Oznake: |
Dodaj oznaku
Bez oznaka, Budi prvi tko označuje ovaj zapis!
|
| LEADER | 01031cam a2200301 a 4500 | ||
|---|---|---|---|
| 001 | 17184816 | ||
| 005 | 20220906184647.0 | ||
| 008 | 120227s2008 nyua 000 0 eng c | ||
| 010 | |a 2012360172 | ||
| 016 | 7 | |a 101482505 |2 DNLM | |
| 020 | |a 9789350259443 | ||
| 042 | |a pcc | ||
| 050 | 0 | 0 | |a RD30 |b .T48 2008 |
| 060 | 0 | 0 | |a 2008 J-619 |
| 060 | 1 | 0 | |a WO 500 |b M2945 2008 |
| 082 | 0 | 0 | |a 617.9/1 |2 4 |
| 100 | 1 | |a Bhatt, Sriram |9 3242 | |
| 245 | 1 | 0 | |a Manual of surgery / |c bySriram Bhat M. |
| 260 | |a New Delhi : |b Jaypee Brothers Medical Publishers (P) Ltd., |c c2013. | ||
| 300 | |a 1336 p. : |b ill. | ||
| 650 | 0 | |a Surgery, Operative. |9 3243 | |
| 650 | 1 | 2 | |a Surgical Procedures, Operative. |9 3244 |
| 650 | 2 | 2 | |a General Surgery |x methods. |9 3245 |
| 650 | 2 | 2 | |a Wounds and Injuries |x surgery. |9 3246 |
| 856 | |u http://nhrc.org.np/contact |y Visit NHRC Library | ||
| 942 | |2 NLM |c BK | ||
| 952 | |0 0 |1 0 |2 NLM |4 0 |6 WO_500_000000000000000_BHA_2013 |7 0 |9 2284 |a NHRC |b NHRC |c CART |d 2015-09-28 |l 0 |o WO 500/BHA/2013 |p 001922 |r 2015-09-28 |w 2015-09-28 |y BK | ||
| 999 | |c 2200 |d 2200 | ||